000 00767 a2200241 4500
010 _aENG-89405
020 _a1403928150
_c250.00
035 _aEN-72938
037 _bDBAD / PUB
082 1 4 _a305.4
090 _c10874
_d10874
245 1 _aEssays on gender and governance /
_cby Martha Nussbaum...[et al]
260 _aNew Delhi
_bMacmillan India
_c2005
260 _bUNDP India
270 _a2/10, Ansari Road, Daryaganj,
_bNew Delhi
_e110002
_cDelhi
300 _a134p.
_c22 cm (pbk)
500 _aInclude references
700 _aBasu, Amrita
700 _aTambiah, Yasmin
700 _aJayal, Niraja Gopal
942 _adpl
_cEN
_k305.4/ ESS
999 _c10573
_d10573